00751cam a2200205 a 4500008004100000020002200041050001500063245015200078260005300230300003500283504004100318650004100359650005600400700002100456700001800477700002300495003000100518005001700519040000900536  a0881335525 (pbk.)00aHV7419 ADM04aThe administration and management of criminal justice organizations :ba book of readings /cedited by Stan Stojkovic, John Klofas, David Kalinich. aProspect Heights, Ill. :bWaveland Press,c1990. axiii, 511 p. :bill. ;c23 cm. aIncludes bibliographical references. 0aCriminal justice, Administration of. 0aCriminal justice, Administration ofzUnited States.1 aStojkovic, Stan.1 aKlofas, John.1 aKalinich, David B.20230123134353.0 cNUST